O urso Rodrigo faz um amigo (Registo nº 2091)

Detalhes MARC
000 -Etiqueta do registo
Cabeçalho 00875nam a22002891 4500
005 - Identificador da versão
Campo de controlo 20240813121924.0
095 ## -
-- PTBN00350308
010 ## - Número internacional normalizado dos livros (ISBN)
Número (ISBN) 9726492459
021 ## - Número do Depósito Legal
Código do país PT
Número 47709/91
100 ## - Dados gerais de processamento
Dados gerais de processamento 19930926d1991 c y0pory5003 ba
102 ## - Pais de publicação ou produção
País de publicação Portugal
101 1# - Língua de publicação
Língua do texto, banda sonora, etc. Português
Língua do documento no original Francês
106 ## - Campo de dados codificados: material textual
Dados codificados do material textual r
105 ## - Campo de dados codificados: livros
Dados codificados dos livros a z 000fy
215 ## - Descrição física 
Indicação específica da natureza do documento e extensão da espécie [22] p.
Outras indicações físicas todo il.
Dimensões 22 cm
200 1# - Titulo e menção de responsabilidade
Título próprio O urso Rodrigo faz um amigo
Primeira menção de responsabilidade texto de Muriel Pépin
Outras menções de responsabilidade il. Marcelle Geneste
225 2# - Colecção 
Título próprio da colecção Animais bebés
Informação de outro título da colecção  histórias para conhecer e amar os animais, a partir dos 3 anos
Indicação de volume 6
210 ## - Publicação, Distribuição, etc. 
Lugar da edição, distribuição, etc. [Porto]
Nome do editor, distribuidor, etc. Desabrochar
Data da publicação, distribuição, etc. 1991
606 ## - Nome comum usado como assunto
Número de registo de entrada de autoridade 0000001
Palavra de ordem Literatura estrangeira infantil
Subdivisão de assunto Conto
675 ## - Classificação Decimal Universal (CDU)
Notação 82-34
Edição
Língua da edição por
701 #1 - Nome de autor-pessoa física (co-responsabilidade principal)
Palavra de ordem Geneste
Outra parte do nome não tomada para palavra de ordem Marcelle
Código de função Ilustrador / Técnico de desenho computorizado
700 #1 - Nome de autor-pessoa física (responsabilidade principal)
Número de registo de entrada de autoridade 0000832
Palavra de ordem Pépin
Outra parte do nome não tomada para palavra de ordem Muriel
942 ## - Elementos de entrada adicionados (Koha)
Tipo de item no Koha Livro
Exemplares
Situação do levantamento Origin of item (home branch) (coded) Biblioteca de empréstimo Código de barras Cota Circulation type (not for loan) Tipo de documento Nota do exemplar Damaged status
  Biblioteca Escolar da Coca Maravilhas Biblioteca Escolar da Coca Maravilhas BECM1826/93 8EST PEP   Livro Sem mensagem